000 00303nam a22001337a 4500
008 170927b xxu||||| |||| 00| 0 eng d
020 _a2900807744481
041 _aeng
080 _24TH
_a37
100 _a47
101 _aEDU
245 _aAPPROACHES TO TEACHING
_cFENSTERMACHER,G.D
942 _2udc
_cBK
999 _c30292
_d30292